000 01131nas a2200337 4500
001 BR9211862
003 BR-BrBNA
005 20231205093534.0
007 ta
008 230509b bl.|||p| |||| 00| 00por d
040 _aBR-BrBNA
_bpor
_cBiblioteca Nacional de Agricultura
041 _a(Pt)
072 _aP34
100 1 _aVargas, A.A.T.
100 1 _aSilveira, J.S.M.
100 1 _aAthayde, J.T.
100 1 _aAthayde, A.
100 1 _aPacova, B.E.V.
245 1 _aComparacao entre genotipos de feijao quanto a capacidade nodulante e a produtividade com inoculacao com rizobios e/ou adubacao de N-mineral
246 1 _aBean genotypes comparison for nodulation and yield with rhizobia inoculation and/or mineral nitrogen application
650 _aFEIJAO
650 _aGENOTIPO
650 _aINOCULACAO
650 _aRHIZOBIUM
650 _aFIXACAO DE NITROGENIO
650 _aSIMBIOSE
650 _aADUBACAO
773 0 _tRevista Brasileira de Ciencia do Solo (Brazil)
_xISSN 0100-0683
_g(Sep-Dec 1991), v. 15(3) p. 267-272
_wBR9211862
909 _a202311
_bLúcia
_c55
_dLúcia Elande
942 _2AGRIS
_n0
_cANA
999 _c139059
_d139059